[Event "Minsk Open 2010"]
[Site "?"]
[Date "2010.08.11"]
[Round "8.7"]
[White "Abramenko, Sergey"]
[Black "Harshkou, Mikita"]
[Result "0-1"]
[WhiteElo "2155"]
[BlackElo "2175"]
[PlyCount "54"]
[EventDate "2010.08.04"]
[SourceDate "2010.08.04"]

1. e4 e6 2. d4 d5 3. Nd2 Nf6 4. e5 Nfd7 5. Bd3 c5 6. c3 Nc6 7. Ne2 cxd4 8. cxd4
f6 9. exf6 Nxf6 10. Nf3 Bd6 11. O-O O-O 12. Bg5 Qc7 13. Bh4 Bd7 14. Bg3 Bxg3
15. hxg3 e5 16. dxe5 Nxe5 17. Rc1 Nxf3+ 18. gxf3 Qb6 19. Qd2 Rae8 20. Nd4 Ne4
21. fxe4 Qxd4 22. exd5 Kh8 23. Rfd1 Rf3 24. Bf1 Rxg3+ 25. Bg2 Rxg2+ 26. Kxg2
Qg4+ 27. Kh2 Re5 0-1

[Event "Minsk Open 2010"]
[Site "?"]
[Date "2010.08.11"]
[Round "8.8"]
[White "Teterev, Vitaly"]
[Black "Litvinov, Vladimir"]
[Result "1-0"]
[WhiteElo "2520"]
[BlackElo "2277"]
[PlyCount "71"]
[EventDate "2010.08.04"]
[SourceDate "2010.08.04"]

1. Nf3 Nf6 2. g3 b6 3. Bg2 Bb7 4. O-O e6 5. d3 d5 6. Nbd2 Nbd7 7. Re1 Bc5 8. h3
O-O 9. e4 dxe4 10. dxe4 e5 11. Nh4 g6 12. Nc4 Qe7 13. c3 Qe6 14. b3 a5 15. Qc2
a4 16. Rb1 Rfd8 17. Ne3 axb3 18. axb3 Bf8 19. c4 Bb4 20. Rd1 c6 21. Bd2 Qe7 22.
Nef5 gxf5 23. Nxf5 Qc5 24. Bg5 Kh8 25. Rd3 Rg8 26. h4 Bc8 27. Rbd1 Rg6 28. Nd6
h6 29. Be3 Qa5 30. Nxc8 Rxc8 31. Bh3 Bc5 32. Bxc5 Qxc5 33. Kg2 Rc7 34. Bxd7
Nxd7 35. Rxd7 Rxd7 36. Rxd7 1-0

[Event "Minsk Open 2010"]
[Site "?"]
[Date "2010.08.11"]
[Round "8.11"]
[White "Zaiatz, Elena"]
[Black "Bykov, Alexey"]
[Result "1-0"]
[WhiteElo "2398"]
[BlackElo "2257"]
[PlyCount "96"]
[EventDate "2010.08.04"]
[SourceDate "2010.08.04"]

1. d4 d5 2. c4 e6 3. Nc3 Be7 4. Nf3 Nf6 5. Qc2 O-O 6. Bg5 c5 7. cxd5 cxd4 8.
Nxd4 h6 9. Bh4 Nxd5 10. Bxe7 Nxe7 11. Rd1 Qb6 12. Qb3 Qa5 13. g3 e5 14. Qb5 Qc7
15. Nb3 Bd7 16. Qc5 Bc6 17. e4 b6 18. Qd6 Qxd6 19. Rxd6 Nd7 20. Ba6 Rad8 21.
Ke2 Nb8 22. Rxd8 Rxd8 23. Bc4 Kf8 24. Rc1 Ke8 25. Ke3 f6 26. h4 Rc8 27. f4 Bd7
28. Be2 Be6 29. Nd2 Nec6 30. Nd5 exf4+ 31. Kxf4 Ne5 32. Nc3 Nbd7 33. Bb5 Kf7
34. Ke3 Rc7 35. b4 a5 36. a3 Ng4+ 37. Kd4 Nde5 38. bxa5 bxa5 39. Rb1 Rc8 40.
Ba4 Nc4 41. Rb7+ Kg6 42. Ndb1 Nge5 43. Bb5 Nf3+ 44. Kd3 Rd8+ 45. Nd5 f5 46.
Nbc3 fxe4+ 47. Kxe4 Nfd2+ 48. Kd4 Kf5 1-0

[Event "Minsk Open 2010"]
[Site "?"]
[Date "2010.08.11"]
[Round "8.12"]
[White "Aliavdin, Nikolai"]
[Black "Bakin, Alexander"]
[Result "1-0"]
[WhiteElo "2367"]
[BlackElo "2247"]
[PlyCount "97"]
[EventDate "2010.08.04"]
[SourceDate "2010.08.04"]

1. d4 Nf6 2. c4 e6 3. Nc3 c5 4. d5 exd5 5. cxd5 d6 6. e4 g6 7. Nge2 Bg7 8. Ng3
a6 9. a4 h5 10. Be2 Nbd7 11. O-O h4 12. Nh1 Nh5 13. Be3 Bh6 14. f4 Ne5 15. Qd2
Ng4 16. Bxg4 Bxg4 17. f5 Bxe3+ 18. Qxe3 Qe7 19. Rae1 O-O-O 20. h3 Ng3 21. Nxg3
hxg3 22. f6 Qe5 23. hxg4 Rh4 24. Rf4 g5 25. Rf5 Rdh8 26. Kf1 Rh1+ 27. Ke2 Qd4
28. Qxd4 cxd4 29. Nd1 Rxe1+ 30. Kxe1 Rh2 31. Kf1 Rh1+ 32. Ke2 Rg1 33. Rf1 Rxg2+
34. Kf3 Rd2 35. Kxg3 Kd7 36. Nf2 Rxb2 37. Nh3 Rb3+ 38. Rf3 d3 39. Nf2 Ra3 40.
Rxd3 Rxa4 41. Nh3 b5 42. Nxg5 b4 43. Kf4 Ra3 44. Rd1 Ke8 45. e5 dxe5+ 46. Kxe5
Re3+ 47. Kf4 Rc3 48. d6 Rc4+ 49. Ke3 1-0

[Event "Minsk Open 2010"]
[Site "?"]
[Date "2010.08.11"]
[Round "8.13"]
[White "Kolesnik, Eduard"]
[Black "Poleshchuk, Dmitriy"]
[Result "0-1"]
[WhiteElo "2351"]
[BlackElo "2204"]
[PlyCount "48"]
[EventDate "2010.08.04"]
[SourceDate "2010.08.04"]

1. e4 c5 2. Nf3 d6 3. d4 cxd4 4. Nxd4 Nf6 5. Nc3 g6 6. Be3 Bg7 7. f3 O-O 8. Qd2
Nc6 9. g4 Bxg4 10. fxg4 Nxg4 11. Nb3 a5 12. a4 Nb4 13. Bd3 Rc8 14. O-O Nxe3 15.
Qxe3 Bxc3 16. bxc3 Rxc3 17. Qd4 Qc7 18. Rac1 Rc8 19. Kh1 b6 20. Rcd1 f6 21. Rf3
Nxc2 22. Qd5+ Kg7 23. Bxc2 Rxf3 24. Nd4 Qc3 0-1

[Event "Minsk Open 2010"]
[Site "?"]
[Date "2010.08.11"]
[Round "8.14"]
[White "Belyakov, Bogdan"]
[Black "Bogachkov, Igor"]
[Result "1-0"]
[WhiteElo "2225"]
[BlackElo "2347"]
[PlyCount "77"]
[EventDate "2010.08.04"]
[SourceDate "2010.08.04"]

1. e4 c5 2. Nf3 Nc6 3. d4 cxd4 4. Nxd4 e5 5. Nb5 d6 6. N1c3 a6 7. Bg5 f6 8. Be3
axb5 9. Nd5 Be6 10. Bb6 Qc8 11. Nc7+ Kf7 12. Bxb5 Nge7 13. O-O Nd4 14. Bd3 Ra6
15. Nxa6 bxa6 16. c3 Qb7 17. Bxd4 exd4 18. cxd4 d5 19. e5 f5 20. Qa4 Bc8 21.
Rac1 h5 22. Rc2 Rh6 23. Rfc1 Rb6 24. Rc7 Qb8 25. Qa5 Rxb2 26. Rxc8 Nxc8 27.
Qxd5+ Ke8 28. Bxf5 Ne7 29. Qd7+ Kf7 30. Qe6+ Ke8 31. d5 g6 32. Bxg6+ Kd8 33.
Qf6 Kd7 34. Bf5+ Nxf5 35. Qxf5+ Ke7 36. d6+ Ke8 37. Qe6+ Kd8 38. d7 Be7 39.
Rc8+ 1-0

[Event "Minsk Open 2010"]
[Site "?"]
[Date "2010.08.11"]
[Round "8.16"]
[White "Kholopov, Alexander A"]
[Black "Grib, Roman"]
[Result "1/2-1/2"]
[WhiteElo "2315"]
[BlackElo "2219"]
[PlyCount "48"]
[EventDate "2010.08.04"]
[SourceDate "2010.08.04"]

1. c4 c5 2. Nf3 Nc6 3. Nc3 g6 4. e3 Nf6 5. d4 cxd4 6. exd4 d5 7. Bg5 Ne4 8.
cxd5 Nxc3 9. bxc3 Qxd5 10. Qb3 Qxb3 11. axb3 Bg7 12. Bb5 Bd7 13. O-O h6 14. Bh4
g5 15. Bg3 O-O 16. Rfe1 e6 17. Red1 Rfd8 18. h4 g4 19. Ne1 Ne7 20. Be2 h5 21.
Nd3 Bb5 22. Nf4 Bxe2 23. Nxe2 a6 24. Bf4 Ng6 1/2-1/2

[Event "Minsk Open 2010"]
[Site "?"]
[Date "2010.08.11"]
[Round "8.17"]
[White "Khamitskiy, Sergei"]
[Black "Ulasevich, Sergei"]
[Result "1-0"]
[WhiteElo "2340"]
[BlackElo "2157"]
[PlyCount "80"]
[EventDate "2010.08.04"]
[SourceDate "2010.08.04"]

1. d4 Nf6 2. c4 g6 3. Nc3 Bg7 4. e4 d6 5. h3 O-O 6. Nf3 e5 7. d5 a5 8. Bg5 Na6
9. g4 Nc5 10. Nd2 c6 11. Be2 Bd7 12. O-O a4 13. b4 axb3 14. axb3 cxd5 15. cxd5
Qb6 16. Be3 Qb4 17. Na2 Qa3 18. Qb1 Nfxe4 19. Nxe4 Nxe4 20. Bc1 Nc3 21. Bxa3
Nxb1 22. Bxd6 Nd2 23. Bxf8 Bxf8 24. Rfe1 e4 25. Nc3 Rc8 26. Na4 e3 27. fxe3 Bh6
28. Bd1 Re8 29. Ra2 Rxe3 30. Rxe3 Bxe3+ 31. Kg2 Bb5 32. Nc3 Bf1+ 33. Kg3 f5 34.
gxf5 gxf5 35. d6 f4+ 36. Kh4 Kf7 37. d7 Ke7 38. Bg4 Bg2 39. Ra8 b6 40. Re8+ Kf6
1-0

[Event "Minsk Open 2010"]
[Site "?"]
[Date "2010.08.11"]
[Round "8.18"]
[White "Lutsko, Igor"]
[Black "Homiakova, Elena"]
[Result "0-1"]
[WhiteElo "2421"]
[BlackElo "2142"]
[PlyCount "74"]
[EventDate "2010.08.04"]
[SourceDate "2010.08.04"]

1. d4 Nf6 2. c4 c5 3. d5 b5 4. cxb5 a6 5. bxa6 Bxa6 6. Nc3 d6 7. g3 g6 8. Bg2
Bg7 9. Nf3 O-O 10. O-O Nbd7 11. Rb1 Ra7 12. b3 Qa8 13. Nh4 Rb8 14. Qc2 Rab7 15.
a3 Rb6 16. Rd1 Qb7 17. b4 cxb4 18. axb4 Rxb4 19. Bd2 Rb2 20. Qxb2 Qxb2 21. Rxb2
Rxb2 22. Bf1 Nc5 23. Be1 Bc4 24. Ng2 Bb3 25. Rd4 Nfd7 26. Rb4 Rc2 27. Nb5 Rc1
28. Nc7 Rd1 29. e3 h5 30. f3 Ra1 31. Kf2 Ra7 32. Na6 Bxd5 33. e4 Be6 34. Nxc5
dxc5 35. Rb1 Bd4+ 36. Ne3 Ra2+ 37. Be2 Bc4 0-1

[Event "Minsk Open 2010"]
[Site "?"]
[Date "2010.08.11"]
[Round "8.19"]
[White "Stetsko, Lanita"]
[Black "Zamruk, Aleksandar"]
[Result "0-1"]
[WhiteElo "2132"]
[BlackElo "2394"]
[PlyCount "63"]
[EventDate "2010.08.04"]
[SourceDate "2010.08.04"]

1. c4 e6 2. g3 d5 3. Bg2 c5 4. cxd5 exd5 5. d4 Nf6 6. Nc3 cxd4 7. Qxd4 Nc6 8.
Qa4 d4 9. Ne4 Bd7 10. Nxf6+ Qxf6 11. Nf3 Bb4+ 12. Bd2 Bxd2+ 13. Nxd2 O-O 14.
O-O Rfe8 15. Rfe1 Rad8 16. Qb5 b6 17. Ne4 Qe7 18. a3 h6 19. Qb3 Na5 20. Qb4 Bc6
21. Qxe7 Rxe7 22. Nd2 Ba4 23. b4 Nb3 24. Nxb3 Bxb3 25. Bf3 Kf8 26. Rec1 d3 27.
exd3 Rxd3 28. Rc8+ Re8 29. Rxe8+ Kxe8 30. Bc6+ Ke7 31. Kg2 Be6 32. a4 0-1

[Event "Minsk Open 2010"]
[Site "?"]
[Date "2010.08.11"]
[Round "8.20"]
[White "Chernikova, Svetlana"]
[Black "Daulyte, Deimante"]
[Result "1/2-1/2"]
[WhiteElo "2090"]
[BlackElo "2333"]
[PlyCount "58"]
[EventDate "2010.08.04"]
[SourceDate "2010.08.04"]

1. e4 e5 2. Nf3 Nc6 3. Bc4 Nf6 4. Ng5 d5 5. exd5 Na5 6. Bb5+ c6 7. dxc6 bxc6 8.
Be2 h6 9. Nf3 e4 10. Ne5 Bd6 11. d4 exd3 12. Nxd3 Qc7 13. b3 O-O 14. h3 c5 15.
O-O c4 16. bxc4 Nxc4 17. Nd2 Nxd2 18. Bxd2 Bb7 19. Bf3 Ne4 20. Bxe4 Bxe4 21.
Re1 f5 22. f3 Bc6 23. c4 Bg3 24. Re2 Rfe8 25. Rc1 Bd6 26. Rf2 Red8 27. Qc2 Rac8
28. a4 Bd5 29. c5 Bf8 1/2-1/2